| 000 | 00436nam a2200181Ia 4500 | ||
|---|---|---|---|
| 001 | 18950 | ||
| 005 | 20260306171708.0 | ||
| 008 | 260306s9999||||xx |||||||||||||| ||und|| | ||
| 041 | _aESP | ||
| 082 |
_a658.562 _bP19 |
||
| 100 |
_aPalacios Blanco, José Luis _eAUT |
||
| 245 | 0 | _aAdministración de la calidad | |
| 260 | _c2006 | ||
| 300 |
_a208 páginas : _c23 cm. |
||
| 650 | _aGEN | ||
| 654 | _aCAN | ||
| 942 |
_cLIB _dJUS _fJUS _2ddc _n |
||
| 999 |
_c18950 _d18950 |
||